| 000 | 00506nam a22001697a 4500 | ||
|---|---|---|---|
| 003 | PILC | ||
| 005 | 20150112093444.0 | ||
| 008 | 130226t xxu||||| |||| 00| 0 eng d | ||
| 020 | _a9780340907573 | ||
| 050 |
_aBF 76.5 _b.C774 2006 |
||
| 082 |
_aR 150.72 _bC77i 2006 |
||
| 100 |
_aCoolican, Hugh _921456 |
||
| 245 |
_aIntroduction to research methods in Psychology / _cHugh Coolican |
||
| 260 |
_aLondon : _bHodder Arnold, _c2006. |
||
| 300 |
_a293 pages : _billustration ; _c25 cm. |
||
| 942 |
_2lcc _cBK |
||
| 999 |
_c14847 _d14847 |
||